Aplicación del sistema informático ERAFIS al reconocimiento y discriminación de los usos del suelo en la provincia de Toledo a partir de imágenes digitales MSS-LANDSAT 4 / (Record no. 12163)
[ view plain ]
| 000 -LEADER | |
|---|---|
| campo de control de longitud fija | 01402nam a2200361 i 4500 |
| 001 - NÚMERO DE CONTROL | |
| campo de control | 12163 |
| 003 - IDENTIFICADOR DE NÚMERO DE CONTROL | |
| campo de control | ES-MaACL |
| 005 - FECHA Y HORA DE LA ÚLTIMA TRANSACCIÓN | |
| campo de control | 20230906150244.0 |
| 007 - CAMPO FIJO DE DESCRIPCIÓN FÍSICA--INFORMACIÓN GENERAL | |
| campo de control de longitud fija | t| |
| 008 - DATOS DE LONGITUD FIJA--INFORMACIÓN GENERAL | |
| campo de control de longitud fija | 900907s1988 sp ||||0| spa j ..| |
| 015 ## - NÚMERO DE BIBLIOGRAFÍA NACIONAL | |
| Número de bibliografía nacional | 1990-JUN-11601 |
| 016 7# - NÚMERO DE CONTROL DE UNA AGENCIA BIBLIOGRÁFICA NACIONAL | |
| Número de control cancelado/no válido | SAB9000089053 |
| 020 ## - NÚMERO INTERNACIONAL ESTÁNDAR DEL LIBRO | |
| Número Internacional Estándar del Libro | 84-7498-302-9 |
| 040 ## - FUENTE DE CATALOGACIÓN | |
| Centro catalogador/agencia de origen | M-BN-DP |
| Lengua de catalogación | spa |
| Centro/agencia transcriptor | M-BN-DP |
| 080 ## - NÚMERO DE LA CLASIFICACIÓN DECIMAL UNIVERSAL | |
| Número de la Clasificación Decimal Universal | 330.15(465.2):681.31.019 |
| 080 ## - NÚMERO DE LA CLASIFICACIÓN DECIMAL UNIVERSAL | |
| Número de la Clasificación Decimal Universal | 681.31.066 ERAFIS |
| 080 ## - NÚMERO DE LA CLASIFICACIÓN DECIMAL UNIVERSAL | |
| Número de la Clasificación Decimal Universal | 681.31.019:330.15(465.2) |
| 100 0# - ENTRADA PRINCIPAL--NOMBRE DE PERSONA | |
| Nombre de persona | González Alonso, F. |
| 9 (RLIN) | 58411 |
| 245 10 - MENCIÓN DEL TÍTULO | |
| Título | Aplicación del sistema informático ERAFIS al reconocimiento y discriminación de los usos del suelo en la provincia de Toledo a partir de imágenes digitales MSS-LANDSAT 4 / |
| Mención de responsabilidad, etc. | F. González Alonso, J.M. Cuevas Gozalo, J. Moro Serrano. |
| 260 ## - PUBLICACIÓN, DISTRIBUCIÓN, ETC. | |
| Lugar de publicación, distribución, etc. | Madrid : |
| Nombre del editor, distribuidor, etc. | Instituto Nacional de Investigaciones Agrarias, |
| Fecha de publicación, distribución, etc. | 1988. |
| 300 ## - DESCRIPCIÓN FÍSICA | |
| Extensión | 158 p : |
| Otras características físicas | il. col. y n ; |
| Dimensiones | 24 cm. |
| 490 1# - MENCIÓN DE SERIE | |
| Mención de serie | Monografías I.N.I.A. ; |
| Designación de volumen o secuencia | 64 |
| 504 ## - NOTA DE BIBLIOGRAFÍA, ETC. | |
| Nota de bibliografía, etc. | Bibliografía: p. 102. |
| 650 14 - PUNTO DE ACCESO ADICIONAL DE MATERIA--TÉRMINO DE MATERIA | |
| Término de materia o nombre geográfico como elemento de entrada | Suelos- |
| Subdivisión geográfica | Toledo (Provincia)- |
| Subdivisión general | Proceso de datos. |
| 9 (RLIN) | 17250 |
| 650 14 - PUNTO DE ACCESO ADICIONAL DE MATERIA--TÉRMINO DE MATERIA | |
| Término de materia o nombre geográfico como elemento de entrada | Proceso de imágenes. |
| 9 (RLIN) | 16435 |
| 650 14 - PUNTO DE ACCESO ADICIONAL DE MATERIA--TÉRMINO DE MATERIA | |
| Término de materia o nombre geográfico como elemento de entrada | Erafis. |
| 9 (RLIN) | 12344 |
| 700 1# - ENTRADA AGREGADA--NOMBRE PERSONAL | |
| Nombre de persona | Cuevas Gozalo, José Miguel. |
| 9 (RLIN) | 42109 |
| 700 1# - ENTRADA AGREGADA--NOMBRE PERSONAL | |
| Nombre de persona | Moro Serrano, J. |
| 9 (RLIN) | 83628 |
| 710 2# - ENTRADA AGREGADA--NOMBRE DE ENTIDAD CORPORATIVA | |
| Nombre de entidad corporativa o nombre de jurisdicción como elemento de entrada | Instituto Nacional de Investigaciones Agrarias (España) |
| 9 (RLIN) | 5168 |
| 830 0# - PUNTO DE ACCESO ADICIONAL DE SERIE-TÍTULO UNIFORME | |
| Título uniforme | Monografías I.N.I.A. ; |
| Designación de volumen o secuencia | 64 |
| 9 (RLIN) | 177538 |
| 852 ## - LOCALIZACIÓN | |
| Ubicación | ES-MaACL |
| Número de control de estantería | L-19454 |
| Sublocalización o colección | R.115897 |
| Estatus retirado | Estado de pérdida | Estado de daño | No para préstamo | Biblioteca de origen | Biblioteca actual | Ubicación en estantería | Fecha de adquisición | Fuente de adquisición | Total de préstamos | Signatura topográfica completa | Código de barras | Visto por última vez | Precio de reemplazo | Tipo de ítem Koha |
|---|---|---|---|---|---|---|---|---|---|---|---|---|---|---|
| Biblioteca del Ateneo de Madrid | Biblioteca del Ateneo de Madrid | Depósito 2 | 17/01/2008 | L-19454 | 1012392 | 23/02/2023 | 23/02/2023 | Libro impreso |
